00426nam a2200205Ia 4500003000900000008004100009040001300050040001300063041000800076100002100084245002900105250001000134260001200144260000900156300001100165300001200176490000600188700001100194700001500205IT-RoPAU120407s9999 xx 000 0 und d aIT-RoPAU cIT-RoPAU aita aPiero Bargellini aCristo vivente nel mondo aRoma  aColetti c1956 a956 p. c25,5 cm v1 aBrezzi aChiminelli